000 00649nam a22001217a 4500
040 _cRUA
082 _aDVM KHA 2025 B707 Or.1
100 _aKHAY RATANA, ខៃ រតនា
245 _aCase Of Fungal infection on feline at veterinary clinic in sangkat boeng keng kang 1, khan boeng keng kang, phnom penh, ករណីជំងឺផ្សិតលើស្បែកពិឡារ នៅគ្លីនិកសត្វ ក្នុងសង្កាត់បឹងកេងកង១​ ខណ្ឌបឹងកេងកង រាជធានីភ្នំពេញ
260 _aPHNOM PENH
_bRUA
_c2025
300 _ax,39p.
_bill.
942 _cNRM
999 _c25682
_d25682